书目信息 |
| 题名: |
房地产经济学
|
|
| 作者: | 华伟 主编 | |
| 分册: | ||
| 出版信息: | 上海 复旦大学出版社 2004.02 |
|
| 页数: | 422页 | |
| 开本: | 20cm | |
| 丛书名: | 房地产系列教材 | |
| 单 册: | ||
| 中图分类: | F293.30 | |
| 科图分类: | ||
| 主题词: | ||
| 电子资源: | ||
| ISBN: | 7-309-03890-8 | |
| 000 | 00580nam0 2200205 450 | |
| 001 | 0642469139 | |
| 005 | 20060530100113.62 | |
| 010 | @a7-309-03890-8@dCNY 20.00 | |
| 100 | @a20060507d2004 km y0chiy0120 ea | |
| 101 | 0 | @achi |
| 102 | @aCN@b310000 | |
| 200 | 1 | @a房地产经济学@Afang di chan jing ji xue@f华伟主编@Fhua wei zhu bian |
| 210 | @a上海@c复旦大学出版社@d2004.02 | |
| 215 | @a422页@d20cm | |
| 225 | 2 | @a房地产系列教材 |
| 410 | 0 | @12001 @a房地产系列教材 |
| 690 | @aF293.30@v4 | |
| 701 | 0 | @a华伟@Ahua wei@4主编 |
| 801 | 0 | @aCN@bPFT@c20060530 |
| 905 | @a10447@dF293.30@eH764 | |
| 房地产经济学/华伟主编.-上海:复旦大学出版社,2004.02 |
| 422页;20cm.-(房地产系列教材) |
| ISBN 7-309-03890-8:CNY 20.00 |
| ● |
| 相关链接 |
|
|
|
正题名:房地产经济学
索取号:F293.30/H764
 
预约/预借
| 序号 | 登录号 | 条形码 | 馆藏地/架位号 | 状态 | 备注 |
| 1 | 604632 | 206046321 | 社科库409/409社科库 104排1列1层/ [索取号:F293.30/H764] | 在馆 |